Три дивана. [Т. 2]: Второй и третий диваны. Васитат ал-икд и Хатимат ал-хайат (Запись № 6122724)

Подробности
000 -МАРКЕР
контрольное поле 01315nam2a22002771 4500
001 - ИДЕНТИФИКАТОР ЗАПИСИ
контрольное поле rc\2132260
005 - ИДЕНТИФИКАТОР ВЕРСИИ
контрольное поле 20250623002429.0
035 ## - ДРУГИЕ СИСТЕМНЫЕ НОМЕРА
Идентификатор записи (NLR Aleph) 006490021
100 ## - ДАННЫЕ ОБЩЕЙ ОБРАБОТКИ
Данные общей обработки 20110829d1980 |||y0rusy50 ca
101 0# - ЯЗЫК РЕСУРСА
Язык текста, звукозаписи и т.д. русский
102 ## - СТРАНА ПУБЛИКАЦИИ ИЛИ ПРОИЗВОДСТВА
Страна публикации Российская Федерация
105 ## - ПОЛЕ КОДИРОВАННЫХ ДАННЫХ: ТЕКСТОВЫЕ МАТЕРИАЛЫ, МОНОГРАФИЧЕСКИЕ
Кодированные данные о монографическом текстовом документе y z |||||
200 1# - ЗАГЛАВИЕ И СВЕДЕНИЯ ОБ ОТВЕТСТВЕННОСТИ
Основное заглавие Второй и третий диваны. Васитат ал-икд и Хатимат ал-хайат
Первые сведения об ответственности Крит. текст и предисл. [с. 5-28] А. Афсахзода
210 ## - ПУБЛИКАЦИЯ, РАСПРОСТРАНЕНИЕ И ДР.
Дата издания, распространения и т.д. 1980
Место издания, распространения и т.д. Б. м.
215 ## - ФИЗИЧЕСКАЯ ХАРАКТЕРИСТИКА
Специфическое обозначение материала и объем 33, 455 с.
300 ## - ОБЩИЕ ПРИМЕЧАНИЯ
Текст примечания В вып. дан. авт.: Абдаррахман Джами
300 ## - ОБЩИЕ ПРИМЕЧАНИЯ
Текст примечания Изд. выходит с 1978 г.
461 #0 - УРОВЕНЬ НАБОРА
Встроенное поле 001rc\2132258
-- 2001#$aТри дивана$eКритич. текст$fАбдуррахман Джами$gКрит. текст и предисл. [с. 5-21] А. Афсахзода$v[Т. 2]
-- 700#1$aДжами$bА.$f1414-1492$gАбдуррахман
Системный номер (АБИС) связанной записи 7512487
Автор Джами, А. (1414-1492)
Место публикации Москва
Дата публикации 1978-
Первые сведения об ответственности Абдуррахман Джами
Имя издателя, распространителя и т.д. Наука
Сведения, относящиеся к заглавию Критич. текст
Заглавие Три дивана
Номер тома [Т. 2]
517 0# - ДРУГИЕ ВАРИАНТЫ ЗАГЛАВИЯ
Вариант заглавия Васитат ал-икд и Хатимат ал-хайат
801 #0 - ИСТОЧНИК ЗАПИСИ
Страна Российская Федерация
Организация NLR
Правила каталогизации psbo
801 #1 - ИСТОЧНИК ЗАПИСИ
Страна Российская Федерация
Организация ELAR
Источник данных rusmarc
852 ## - МЕСТОНАХОЖДЕНИЕ И ШИФР ХРАНЕНИЯ
Идентификатор организации NLR
Наименование фонда или коллекции (Sub-Location Identifier) ОЛСАА
942 ## - ДОПОЛНИТЕЛЬНЫЕ ЭЛЕМЕНТЫ ЗАПИСИ (АБИС)
Тип экземпляра АБИС Книга
980 ## - КОЛЛЕКЦИЯ
Название коллекции Национальная библиография
Экземпляры
Тип экземпляра Дата поступления Библиотека постоянного хранения Библиотека текущего хранения Место хранения Шифр хранения Штрих-код Статус экземпляра
Книга 26.10.2013 РНБ (Московский) РНБ (Московский) Фонд литературы на языках стран Азии и Африки ОЛСАА 6490021-10